00500nam a2200193 a 4500001001300000003000900013005001700022008004100039020001000080082001600090100001900106245003800125260003000163300000900193500003500202505002700237650002300264700001900287nice12345678IN_TiNIC20260116011359.0050524s0000 egya grp 000 0 ara  ac10000a232.96bZWE aZwemer, Samuel aAl-Sirrul Ajib Fi Fakhrsis Saleeb aEgyptbMatba-E-Neelc0000 a192p aincludes index and biblioraphy2 a3 vols. bound together aJesus Christ-Death1 aZwemer, Samuel